[Event "EU-ch Schools U17"]
[Site "Tornelo INT"]
[Date "2021.12.05"]
[Round "7"]
[White "Zemlyanskii, Ivan"]
[Black "Arhipin, Kirill"]
[Result "1-0"]
[WhiteElo "2169"]
[BlackElo "1383"]
[PlyCount "95"]
[EventDate "2021.12.03"]
[EventType "swiss (rapid)"]
[EventRounds "7"]
[EventCountry "NET"]
[SourceTitle "EXT 2023"]
[Source "ChessBase"]
[SourceDate "2022.10.05"]
[SourceVersion "1"]
[SourceVersionDate "2022.10.05"]
[SourceQuality "1"]

1. d4 d5 2. c4 c6 3. Nf3 Nf6 4. Nbd2 Bf5 5. Nh4 Bd7 6. g3 e6 7. Bg2 g6 8. 0-0 Bg7 9. Qc2 0-0 10. Rd1 Na6 11. e4 dxe4 12. Nxe4 Nxe4 13. Qxe4 Qb6 14. c5 Qd8 15. Nf3 Nb4 16. Ne5 Nd5 17. h4 h5 18. Nc4 b6 19. Bg5 Qc7 20. Rac1 Bc8 21. Rc2 Ba6 22. Nd6 Nb4 23. Rcd2 Nd5 24. a3 Bb7 25. Rd3 b5 26. Rf3 a5 27. Bh3 Bc8 28. Re1 b4 29. a4 Ra7 30. Qd3 Ba6 31. Qd2 Bc8 32. Bh6 Ba6 33. Bxg7 Kxg7 34. Re5 f6 35. Rxe6 Bc8 36. Nxc8 Qxc8 37. Kg2 Qc7 38. Qe2 Rf7 39. Rd3 Re7 40. Rd1 Rxe6 41. Qxe6 Ra6 42. Re1 Qf7 43. Qc8 Ra7 44. Qxc6 Re7 45. Be6 Rxe6 46. Rxe6 Ne7 47. Qd7 Kf8 48. c6 1-0